| 000 | 00623nam a2200193 a 4500 | ||
|---|---|---|---|
| 001 | BRCA_4626 | ||
| 005 | 20190320204736.0 | ||
| 008 | 920818s1962####mx-a######---#000-0#spa-# | ||
| 041 | _aspa | ||
| 044 | _amx | ||
| 050 | 4 |
_aND546 _b.C54 1962 |
|
| 245 | 1 | 0 |
_aCien años de pintura en Francia _bde 1850 a nuestros días. |
| 260 |
_aMéxico _bMuseo Nacional de Arte Moderno : INBA : Palacio de Bellas Artes _c1962 |
||
| 300 |
_a125 p. _bil. (algunas a color) _c21 cm. |
||
| 500 | _aIncluye catálogo de obra | ||
| 650 | 1 | 4 |
_aPintura francesa _vExposiciones _911707 |
| 650 | 1 | 4 |
_aPintura _vHistoria _zFrancia _911708 |
| 942 |
_2lcc _cB |
||
| 999 |
_c4329 _d4329 |
||